000 00503nam a2200193 a 4500
001 1769855259851
003 YourLibrary
005 20260131161815.0
008 260131s2005##################000#0#eng##
020 _a9780262042260
082 0 4 _a332.11094
_bHAA
100 1 _aHaan, Jakob de,
_eauthor.
245 1 0 _aThe European Central Bank :
260 _bMit Press,
_c2005.
300 _a264 pages
650 0 _aBusiness & Economics.
942 _cENGLISH
040 _aYourLibrary
_beng
_cYourLibrary
999 _c609433
_d609433